Année de Naissance de Personnages Célèbres - Statistiques

Statistiques générales
  • Ce quiz a été pris 142 fois
  • Le résultat moyen est 9 sur 15
Statistiques - réponses
Hint Réponse % Correct
Jules César (né avant J-C.) -101
89%
François Ier 1494
73%
Charles de Gaulle 1890
69%
Jeanne d'Arc 1412
67%
Clovis Ier 465
63%
Louis XV 1710
62%
Pépin le Bref 715
62%
Albert Einstein 1879
60%
Blanche de Castille 1188
55%
Charlie Chaplin 1889
55%
Édith Piaf 1915
52%
Jean-Jacques Rousseau 1712
51%
Georges Clémenceau 1841
49%
Ferdinand Foch 1851
49%
Marcel Marceau 1923
27%
Aucun quiz correspondant
Distribution des résultats
% des personnes avec chaque résultat
Percentile par nombre de réponses
Votre historique - résultats
Vous n’avez pas pris ce quiz